000 00789nas a2200277 i 4500
001 1518
003 ES-MaACL
005 20250718150759.0
007 t|
008 950801d19251936sp | | 1 ||pa d
022 _a1132-046X
080 _a(054)
245 0 3 _aLa Nación
_b: diario de la noche.
260 _aMadrid :
_bLa Nación,
_c1925-1936.
300 _a15 v. :
_bgrab. ;
_c43 cm.
310 _aDiaria
362 0 _aAño 1, n. 1 (19 oct. 1925)-(ca.1936)
500 _aVariaciones en el formato.
530 _aDisponible en formato digital.
650 1 4 _aPeriódicos
_915941
852 _aES-MaACL
_jHem-537
856 _uhttp://hemerotecadigital.bne.es/issn/1132-046X
_zHemeroteca Digital
866 0 _o1932-36
942 _2udc
_cPERIODICO
999 _c1518
_d1518